000 00312nam a2200133Ia 4500
005 20251222155115.0
008 251222s9999||||xx |||||||||||||| ||spa||
082 _aREL.100.1
100 _aUBALDO A.Chueca.
245 0 _aFamilia y Educación Sexual
250 _a1ra. ed.
264 _bSalesiana
942 _cLIB
999 _c38222
_d38222